000 00719cam a22002291 4500
001 ca 36000857
003 DLC
005 20260227111141.0
008 790413s1933 xx 000 0 eng
010 _aca 36000857
035 _a(OCoLC)4854957
040 _aDLC
_cOCl
_dDLC
042 _apremarc
050 0 0 _aPN6120.P3
_bE8
082 _a792.3
100 1 _aEwert, Edna May.
245 1 2 _aA prince shall come,
_bpantomime play, with music and feature dances,
_cby Edana May Ewert and Thelma Lamb.
260 _aFranklin, O.,
_aDenver, Colo.,
_bEldridge entertainment house, incorporated,
_cc1933.
300 _a13 p.
_c19 cm.
490 0 _aEldridge novel entertainments
700 1 _aLamb, Thelma,
_ejoint author.
999 _c18131
_d18131